Pemikiran lateral

Bibliographic Details
Main Author: De Bono, Edward, , 1933-
Format: Book
Published: Kuala Lumpur : Golden Books Centre , 2005
Subjects:

MARC

LEADER 00000cam a2200000 7i4500
001 0000003337
005 20050823.0
020 0 0 |a 9837203021 
090 0 0 |a 153.3   |b DEB 2005 
100 1 0 |a De Bono, Edward, ,   |d 1933- 
245 1 0 |a Pemikiran lateral   |c Edward De Bono 
260 0 0 |a Kuala Lumpur :   |b Golden Books Centre ,   |c 2005 
300 |a xxviii, 326 p. :   |b ill. ;   |c 20 cm. 
500 0 0 |a Traslated from: Lateral thinking by Edward de Bono/Penguin Books 
650 0 0 |a Lateral thinking 
650 0 0 |a Management 
999 |a 0000006316   |b Monograph   |c Open Shelf   |e Default branch